| 000 | 00379nam a2200157Ia 4500 | ||
|---|---|---|---|
| 008 | 151213s9999 xx 000 0 und d | ||
| 100 | _aA. S. Hornby | ||
| 245 |
_aOxford Advanced Learners _cA. S. Hornby |
||
| 250 | _a6th | ||
| 260 |
_aNew York _bOxford _c2003 |
||
| 300 | _a2347 p. | ||
| 650 | _aDictionary | ||
| 650 | _aDictionary | ||
| 700 | _aA. S. Hornby | ||
| 999 |
_c1657 _d1657 |
||